000
00262nam a22001217a 4500
008
170328b xxu||||| |||| 00| 0 eng d
041
_a
eng
080
_a
796.3
100
_a
8
101
_a
SHM
245
_a
THE INNER GAME OF GOLF
_c
GALLWEY.W.T
942
_2
udc
_c
BK
999
_c
8867
_d
8867